| 000 | 01204cab a2200205 4500 | ||
|---|---|---|---|
| 001 | ##ABS67521 | ||
| 008 | 040301n2004 000 0 eng u | ||
| 035 | _a(Sirsi) u125258 | ||
| 041 | 0 | _aeng | |
| 100 | 1 | _aCowans, J. | |
| 245 | 0 | 0 | _aProducing the goods |
| 260 | _c2004 | ||
| 490 | 0 |
_aInside Housing _v21(5)6 February 2004, 24-25(2) |
|
| 520 | _aAsks whether REITs, possibly to be introduced in April 2005, will facilitate the creation of a new private rented sector?. Looks at previous attempts to boost private renting and develop the private rented sector: the original assured tenancies, business expansion schemes, housing investment trusts, buy-to-let and the corporate private rented sector such as the City Centre Apartments for Single People at Affordable Rent schemes. Suggests how a REIT might work in partnership with a housing association. Concludes that REITs would provide the tax-efficient approach that the property industry views as essential for a new corporate private rented sector to take off. | ||
| 590 | _aABS | ||
| 651 | 4 |
_aUnited Kingdom _y |
|
| 690 | _aPROPERTY-PROPERTY FINANCE AND INVESTMENT-REAL ESTATE INVESTMENT TRUSTS | ||
| 700 | _aBazlinton, C. | ||
| 942 | _n0 | ||
| 999 |
_c74186 _d74186 |
||